Villes de Bourgogne-Franche-Comté - Click Quiz - Statistiques

Statistiques générales
  • Ce quiz a été pris 214 fois
  • Le résultat moyen est 14 sur 20
Statistiques - réponses
Hint Réponse % Correct
Dijon Côte-d'Or
91%
Belfort Territoire-de-Belfort
91%
Auxerre Yonne
86%
Nevers Nièvre
85%
Chalon-sur-Saône Saône-et-Loire
82%
Sens Yonne
81%
Beaune Côte-d'Or
79%
Dole Jura
72%
Les Rousses Jura
68%
Montceau-les-Mînes Saône-et-Loire
68%
Le Creusot Saône-et-Loire
67%
Sochaux Doubs
66%
Pontarlier Doubs
64%
Lure Haute-Saône
62%
Autun Saône-et-Loire
60%
Tonnerre Yonne
59%
Gray Haute-Saône
54%
Auxonne Côte-d'Or
52%
Cosne-Cours-sur-Loire Nièvre
51%
Champagnole Jura
45%
Aucun quiz correspondant
Distribution des résultats
% des personnes avec chaque résultat
Percentile par nombre de réponses
Votre historique - résultats
Vous n’avez pas pris ce quiz